| 000 | 00449nam a2200193Ia 4500 | ||
|---|---|---|---|
| 005 | 20240823012822.0 | ||
| 008 | 240823s9999||||xx |||||||||||||| ||und|| | ||
| 020 | _a0471-37918-2 | ||
| 041 | _aENGLISH | ||
| 082 | _A515.15 P0 | ||
| 100 | _aConnally [et al] | ||
| 245 | 0 | _aFuctions Modeling Change | |
| 250 | _a1st | ||
| 260 |
_c2000 _b"John Wiley ,New" |
||
| 500 | _aYES | ||
| 650 |
_aFuctions _bMathematics |
||
| 942 | _cBK | ||
| 999 |
_c165486 _d165486 |
||